01363nab a22002057a 4500999001500000003000400015005001700019008004100036040000700077100004300084245019900127300001500326505053800341505007200879650002800951650002000979650003600999773010901035942001301144 c5805d5805OSt20260106211752.0190514b xxu||||| |||| 00| 0 spa d cPJ 96715aCloss Saracho, Erhard Otto Oscar13aLa autodeterminación de la persona con discapacidad y la operatividad de los sistemas de apoyos :bhacia una implementación efectiva /cErhard Otto Oscar Closs Saracho, María Laura Alonso. ap. 175-184 aSumario: I. Importancia del tema.— II. Del viejo sistema de sustitución de la capacidad.— III. Hacia el nuevo paradigma de toma de decisiones asistida.— IV. Los sistemas de apoyo para la toma de decisiones.— V. Designación autónoma de apoyos en nuestro ordenamiento interno.— VI. El deber del Estado en la conformación de los sistemas de apoyo. Su regulación y la experiencia en la provincia de Neuquén.— VII. El rol del Ministerio Público en el contralor del sistema de apoyo.— VIII. Reflexiones finales. tSi te interesa el texto, comunicate a koha@justierradelfuego.gov.ar 09967aDERECHO DE FAMILIA 092342aCAPACIDAD 093271aPERSONAS CON DISCAPACIDAD0 0284493222dBuenos Aires : AbeledoPerrot, 1989-tDerecho de familia. N° 116 - Septiembre 2024z18511201 2udccANA